TRATADO ELEMENTAL DE DERECHO ROMANO (Registro nro. 838)

Detalles MARC
000 -LEADER
campo de control de longitud fija 00969nam a22002417a 4500
001 - NÚMERO DE CONTROL
campo de control 4075
005 - FECHA Y HORA DE LA ÚLTIMA TRANSACCIÓN
campo de control 20250522045545.0
008 - DATOS DE LONGITUD FIJA--INFORMACIÓN GENERAL
campo de control de longitud fija 5230201976 mx
020 ## - NÚMERO INTERNACIONAL ESTÁNDAR DEL LIBRO
Número Internacional Estándar del Libro [sin ISBN]
082 ## - NÚMERO DE LA CLASIFICACIÓN DECIMAL DEWEY
Número de clasificación 340.54 / P4451t9
100 ## - ENTRADA PRINCIPAL--NOMBRE DE PERSONA
Nombre de persona PETIT, EUGENE
245 ## - MENCIÓN DEL TÍTULO
Título TRATADO ELEMENTAL DE DERECHO ROMANO
Mención de responsabilidad, etc. Eugène Petit ; Traducido por : José Ferrández González y José M. Rizzi
250 ## - MENCION DE EDICION
Mención de edición 9 ed
260 ## - PUBLICACIÓN, DISTRIBUCIÓN, ETC.
Lugar de publicación, distribución, etc. México :
Nombre del editor, distribuidor, etc. EDITORA NACIONAL
300 ## - DESCRIPCIÓN FÍSICA
Extensión 716p / 23cm
500 ## - NOTA GENERAL
Nota general Traducido de la 9na. Edición Francesa y Aumentado con Notas Originales, Muy Ampliadas en la Presente Edición
504 ## - NOTA DE BIBLIOGRAFÍA, ETC.
Nota de bibliografía, etc. Nota Incluye Bibliografía
505 ## - NOTA DE CONTENIDO CON FORMATO
Nota de contenido con formato Contiene el desarrollo histórico y la exposición general de los principios de la legislación Romana desde el origen de Roma hasta el Emperador Justiniano
650 ## - PUNTO DE ACCESO ADICIONAL DE MATERIA--TÉRMINO DE MATERIA
Término de materia o nombre geográfico como elemento de entrada 1.DERECHO ROMANO COMPENDIOS
650 ## - PUNTO DE ACCESO ADICIONAL DE MATERIA--TÉRMINO DE MATERIA
Término de materia o nombre geográfico como elemento de entrada 2.DERECHO ROMANO HISTORIA
700 ## - ENTRADA AGREGADA--NOMBRE PERSONAL
Nombre de persona I.FERRANDEZ GONZALEZ, JOSE, TR
700 ## - ENTRADA AGREGADA--NOMBRE PERSONAL
Nombre de persona II.RIZZI, JOSE M TR
Existencias
Estatus retirado Estado de pérdida Estado de daño No para préstamo Colección Biblioteca de origen Biblioteca actual Fecha de adquisición Total de préstamos Signatura topográfica completa Código de barras Visto por última vez Copia número Precio de reemplazo Tipo de ítem Koha
        Acervo general de Libros Biblioteca Central Mons. Favio M. Rivas S. Biblioteca Central Mons. Favio M. Rivas S. 07/08/2013   340.54 / P4451t9 000000001032 23/05/2025 1 23/05/2025 Libros